Cross-border banking in Europe implications for financial stability and macroeconomic policies
Salvato in:
| Autore principale: | |
|---|---|
| Altri autori: | , |
| Natura: | Libro |
| Lingua: | inglese |
| Pubblicazione: |
London
Centre for Economic Policy Research
2011
|
| Soggetti: | |
| Tags: |
Nessun Tag, puoi essere il primo ad aggiungerne!!
|
MARC
| LEADER | 00000nam a2200000 4500 | ||
|---|---|---|---|
| 001 | 0142322 | ||
| 005 | 20240312115535.9 | ||
| 020 | |a 978-1-907142-36-9 | ||
| 041 | 0 | |a eng | |
| 044 | |a GB | ||
| 245 | 1 | 0 | |a Cross-border banking in Europe |b implications for financial stability and macroeconomic policies |c Franklin Allen ... [et al.] |
| 264 | 1 | |a London |b Centre for Economic Policy Research |c 2011 | |
| 300 | |a 119 s. | ||
| 610 | 2 | 0 | |a bankovníctvo |
| 610 | 2 | 0 | |a spolupráca cezhraničná |
| 610 | 2 | 0 | |a stabilita finančná |
| 610 | 2 | 0 | |a politika hospodárska |
| 610 | 2 | 0 | |a inflácia |
| 100 | 1 | |a Allen, Franklin | |
| 700 | 1 | |a Beck, Thorsten | |
| 700 | 1 | |a Carletti, Elena | |